Zelda TotK areas (not official) - Statistics

General Stats
  • This quiz has been taken 35 times
  • The average score is 10 of 75
Answers on the Map
Answers color-coded by a green-red scale on the quiz's map according to % correct below.
 
Answer Stats
Hint Answer % Correct
93 Goron
69%
21 Korok
69%
05 Lake
65%
01 Castle
62%
83 Zora
58%
74 Hateno
54%
41 Rito
54%
71 Kakariko
46%
69 Eventide
42%
06 Plateau
42%
22 Woods
35%
54 Canyon
31%
102 Wetland
27%
88 Tingel
23%
33 Peak
19%
43 Temple
19%
101 Citadel
15%
73 Dueling Peaks
15%
107 Skull
15%
25 Typhlo
15%
64 Courage
12%
55 Kara Kara
12%
04 Plain
12%
106 Power
12%
11 Thundra
12%
86 Wisdom
12%
105 Bay
8%
95 Caldera
8%
67 Coast
8%
66 Floria
8%
32 Pikida
8%
23 Rauru
8%
08 Satori
8%
31 Snowfield
8%
42 Village
8%
12 Breach
4%
45 Bridge
4%
02 Crenel
4%
97 Deplian
4%
59 Gate
4%
09 Illumeni
4%
44 Nero
4%
07 Outskirt
4%
85 Promenade
4%
13 Quarry
4%
10 Rhoam
4%
82 River
4%
35 Talonto
4%
56 Toruma
4%
104 Ulri
4%
51 Agaat
0%
65 Angel
0%
58 Barrens
0%
53 Birida
0%
52 Cliffs
0%
72 Deya
0%
24 Drena
0%
63 Finra
0%
81 Goponga
0%
103 Grotto
0%
96 Hamlet
0%
91 Intenoch
0%
36 Kilsie
0%
87 Lagoon
0%
03 Mabe
0%
92 Medingo
0%
37 North Crest
0%
57 Oasis
0%
68 Palmorae
0%
34 Plunge
0%
75 Ponds
0%
94 Rabac
0%
84 Rutala
0%
62 Shoreline
0%
61 Taobab
0%
No matching quizzes found
Score Distribution
Percent of People with Each Score
Percentile by Number Answered
Your Score History
You have not taken this quiz